000 00552nam a22001697a 4500
003 NUST
038 _aZafar Iqbal Malik
082 _a200
100 _aKhalid, Muhammad Abdullah
_9127706
245 _aEnhancing Realism in Simulators using Generative AI Models
_cMuhammad Abdullah Khalid
264 _aIslamabad
_bSEECS NUST
_c2024
300 _a44, p.
_c35 cm.
650 _aMS-Electrical Engineering
_923567
700 _aSupervisor: Dr. Wajahat Hussain
_997174
856 _uhttp://10.250.8.41:8080/xmlui/handle/123456789/49083
942 _2ddc
_cSC
999 _c612753
_d612753